[Event "ROM-ch (Women)"]
[Site "Craiova"]
[Date "2025.02.19"]
[Round "5"]
[White "Cosma, Elena Luminita"]
[Black "Iordache, Alexia Andreea"]
[Result "1-0"]
[WhiteElo "2221"]
[BlackElo "2119"]
[PlyCount "101"]
[EventDate "2025.02.15"]
[EventType "swiss"]
[EventRounds "9"]
[EventCountry "ROU"]
[SourceTitle "CB09_2025"]
[SourceDate "2025.02.27"]
[SourceVersion "1"]
[SourceVersionDate "2025.02.27"]
[SourceQuality "1"]

1. Nf3 Nf6 2. c4 g6 3. g3 Bg7 4. Bg2 0-0 5. 0-0 d6 6. d4 Nc6 7. Nc3 a6 8. h3 Bf5 9. d5 Na5 10. Nd4 Bd7 11. b3 c5 12. dxc6 bxc6 13. Bb2 Rb8 14. Rb1 Qc8 15. Kh2 Nb7 16. Qd2 a5 17. e4 Nc5 18. Ba3 Rd8 19. Nc2 Na6 20. e5 Ne8 21. exd6 Nxd6 22. Bxd6 Bf5 23. Ne4 exd6 24. Ne3 Bxe4 25. Bxe4 Qc7 26. Bg2 f5 27. Nc2 Qb6 28. Rbd1 Kh8 29. Nd4 Bxd4 30. Qxd4+ Qxd4 31. Rxd4 Nb4 32. Rd2 Rbc8 33. Rfd1 Re8 34. a3 Na6 35. Rxd6 Re2 36. Bxc6 Nc5 37. b4 axb4 38. axb4 Ne4 39. Bxe4 fxe4 40. Rd8+ Rxd8 41. Rxd8+ Kg7 42. Kg1 Re1+ 43. Kg2 Rc1 44. Rd4 Kf6 45. Rxe4 Kf5 46. f3 Rc2+ 47. Kf1 Rh2 48. c5 Rc2 49. Ke1 h5 50. Kd1 Rc3 51. Kd2 1-0

[Event "Riga Christmas (Women)"]
[Site "Riga"]
[Date "2024.12.11"]
[Round "4"]
[White "Iordache, Alexia Andreea"]
[Black "Ter Avetisjana, Agnesa Stepania"]
[Result "0-1"]
[WhiteElo "1979"]
[BlackElo "2115"]
[PlyCount "77"]
[EventDate "2024.12.09"]
[EventType "tourn"]
[EventRounds "9"]
[EventCountry "LAT"]
[SourceTitle "CB51_2024"]
[SourceDate "2024.12.18"]
[SourceVersion "1"]
[SourceVersionDate "2024.12.18"]
[SourceQuality "1"]

1. Nf3 Nf6 2. g3 b5 3. Bg2 Bb7 4. d3 e6 5. e4 d6 6. 0-0 Be7 7. Ne1 Nfd7 8. f4 e5 9. f5 Bg5 10. Nd2 Nf6 11. Nb3 Bxc1 12. Rxc1 c5 13. Nd2 Nc6 14. h3 Qb6 15. c4 Ba6 16. b3 Nb4 17. a3 Nc6 18. Rb1 Ke7 19. g4 h6 20. Nc2 Rab8 21. Bf3 bxc4 22. bxc4 Qa5 23. h4 Nd4 24. Nxd4 exd4 25. e5 dxe5 26. Re1 Rxb1 27. Nxb1 Nd7 28. Bc6 f6 29. Rf1 Qc7 30. Qf3 Rc8 31. Bd5 Nb6 32. Be4 Rb8 33. Nd2 Nd7 34. Bc6 Rb6 35. Ba8 Rb2 36. Ne4 Rb3 37. Bd5 Nb6 38. g5 hxg5 39. Qh5 0-1

[Event "Riga Christmas (Women)"]
[Site "Riga"]
[Date "2024.12.10"]
[Round "3"]
[White "Khatniuk, Anastasiia"]
[Black "Iordache, Alexia Andreea"]
[Result "0-1"]
[WhiteElo "1994"]
[BlackElo "1979"]
[PlyCount "60"]
[EventDate "2024.12.09"]
[EventType "tourn"]
[EventRounds "9"]
[EventCountry "LAT"]
[SourceTitle "CB51_2024"]
[SourceDate "2024.12.18"]
[SourceVersion "1"]
[SourceVersionDate "2024.12.18"]
[SourceQuality "1"]

1. e4 c5 2. Nf3 d6 3. Bb5+ Nd7 4. a4 Ngf6 5. Nc3 a6 6. Be2 b6 7. d4 cxd4 8. Qxd4 e6 9. 0-0 Qc7 10. Rd1 Bb7 11. Nd2 Ne5 12. Nb3 Be7 13. Bg5 Rd8 14. Be3 Ned7 15. f3 0-0 16. Qd2 Nc5 17. Nd4 d5 18. e5 Qxe5 19. Bf4 Qh5 20. g4 Qg6 21. b4 Nce4 22. fxe4 Bxb4 23. Qe3 Nxg4 24. Bxg4 Qxg4+ 25. Kh1 Bxc3 26. Rg1 Qh4 27. Nf3 d4 28. Rxg7+ Kh8 29. Be5 f6 30. Qg1 Bxe4 0-1

[Event "ROM-chT (Women)"]
[Site "Mamaia"]
[Date "2024.10.01"]
[Round "2.3"]
[White "Trifoi, Mihaela Ioana"]
[Black "Iordache, Alexia Andreea"]
[Result "1-0"]
[WhiteElo "2016"]
[BlackElo "2014"]
[PlyCount "121"]
[EventDate "2024.09.30"]
[EventType "team-tourn"]
[EventRounds "7"]
[EventCountry "ROU"]
[SourceTitle "EXT 2025"]
[Source "ChessBase"]
[SourceDate "2024.10.14"]
[SourceVersion "1"]
[SourceVersionDate "2024.10.14"]
[SourceQuality "1"]
[WhiteTeam "Ploiesti (W)"]
[BlackTeam "Arnia ChessIT (W)"]
[WhiteTeamCountry "ROU"]
[BlackTeamCountry "ROU"]

1. e4 c5 2. Nf3 d6 3. Bb5+ Nd7 4. 0-0 a6 5. Bd3 Ngf6 6. Re1 g6 7. c3 Bg7 8. Bf1 0-0 9. d4 e5 10. d5 b5 11. a4 Rb8 12. b3 Ne8 13. h4 f5 14. Bg5 Ndf6 15. axb5 axb5 16. b4 fxe4 17. Rxe4 Qc7 18. Re1 c4 19. Ra5 Qf7 20. Na3 Nxd5 21. Bxc4 bxc4 22. Qxd5 Be6 23. Qd2 Bg4 24. Nh2 Bc8 25. Re4 Be6 26. Nf3 Qf5 27. Re1 d5 28. Nxc4 dxc4 29. Nxe5 Bc8 30. Nc6 Qf7 31. Re7 Bxc3 32. Rxf7 Bxd2 33. Rxf8+ Kxf8 34. Nxb8 Bxb4 35. Ra7 Bc5 36. Nd7+ Bxd7 37. Rxd7 h5 38. Kf1 c3 39. Ke2 Kg8 40. f3 Bf8 41. Kd3 Bg7 42. g4 hxg4 43. fxg4 Bf6 44. Bxf6 Nxf6 45. Rd6 Kf7 46. g5 Nh5 47. Kxc3 Ng3 48. Rf6+ Kg7 49. Kd4 Nh5 50. Rf3 Kg8 51. Ke5 Kg7 52. Ke6 Kg8 53. Rf6 Kg7 54. Ke7 Ng3 55. Rf7+ Kg8 56. Kf6 Nf5 57. Kxg6 Nxh4+ 58. Kf6 Nf5 59. Rd7 Ne3 60. Rd8+ Kh7 61. g6+ 1-0

[Event "Cluj GP Rapid"]
[Site "Cluj"]
[Date "2024.06.14"]
[Round "6"]
[White "Djokic, Mihailo"]
[Black "Iordache, Alexia Andreea"]
[Result "1-0"]
[WhiteElo "2158"]
[BlackElo "1941"]
[PlyCount "91"]
[EventDate "2024.06.13"]
[EventType "swiss (rapid)"]
[EventRounds "10"]
[EventCountry "ROU"]
[SourceTitle "CBM 220 Extra"]
[Source "ChessBase"]
[SourceDate "2024.07.31"]
[SourceVersion "1"]
[SourceVersionDate "2024.07.31"]
[SourceQuality "1"]

1. e4 c5 2. c3 Nf6 3. e5 Nd5 4. Nf3 e6 5. d4 cxd4 6. cxd4 b6 7. Nc3 Nxc3 8. bxc3 Be7 9. Bd3 Ba6 10. 0-0 Bxd3 11. Qxd3 0-0 12. c4 d5 13. exd6 Qxd6 14. Qe4 Nd7 15. Bf4 Qb4 16. Rfc1 Rac8 17. a3 Qa4 18. Qe2 Bf6 19. Be3 Rfd8 20. Rab1 Nb8 21. c5 bxc5 22. dxc5 Qxa3 23. h3 Nc6 24. Qc4 Qd3 25. Qa4 Qf5 26. Rb7 Qd5 27. Rcb1 Be7 28. Qa3 h6 29. R7b2 Qf5 30. Rc1 Rd3 31. Qa6 Rdd8 32. Rb7 Qd5 33. Rbb1 Qf5 34. Rd1 e5 35. Rxd8+ Bxd8 36. Rd1 e4 37. Nd2 Be7 38. Nxe4 Nb8 39. Qb7 Re8 40. Ng3 Qe6 41. Qxa7 Nc6 42. Qa4 Rc8 43. Ne2 Ne5 44. Qe4 Bxc5 45. Bxc5 Rxc5 46. Rd8+ 1-0